| 000 | 02390cam a2200469 i 4500 | ||
|---|---|---|---|
| 001 | 20189354 | ||
| 003 | NUST | ||
| 005 | 20220825124024.0 | ||
| 008 | 171212t20172017nyu 000 0 eng d | ||
| 010 | _a 2017448423 | ||
| 020 |
_a9781259863486 _q(paperback) |
||
| 020 |
_a1259863484 _q(paperback) |
||
| 035 | _a(OCoLC)ocn969974201 | ||
| 038 | _aAzhar | ||
| 040 |
_aIG$ _beng _cIG$ _erda _dOCLCO _dGO4 _dOCLCF _dNYP _dOCLCQ _dLDL _dSEA _dYDX _dBTCTA _dBDX _dIHT _dDLC |
||
| 042 | _alccopycat | ||
| 050 | 0 | 0 |
_aLB2367.4 _b.O35 2017 |
| 082 | 0 | 4 |
_a378.1662 _223 _bETS |
| 245 | 0 | 0 |
_aOfficial GRE Verbal Reasoning practice questions. _nVolume 1 : _bwith practice for the analytical writing measure. |
| 246 | 3 |
_aOfficial Graduate Record Examination verbal reasoning practice questions. _nVolume 1 : _bwith practice for the analytical writing measure |
|
| 246 | 3 |
_aETS Official GRE verbal reasoning practice questions. _nVolume 1 |
|
| 250 | _aSecond edition. | ||
| 260 |
_aNew York : _bMcGraw Hill Education, _c2017 |
||
| 264 | 4 | _c©2017 | |
| 300 |
_axii, 241 pages ; _c28 cm |
||
| 336 |
_atext _btxt _2rdacontent |
||
| 337 |
_aunmediated _bn _2rdamedia |
||
| 338 |
_avolume _bnc _2rdacarrier |
||
| 500 | _aAt head of title: ETS. | ||
| 500 | _a"150 real test questions with explanations--straight from the maker of the GRE General Test"--Cover. | ||
| 505 | 0 | _aOverview of the GRE verbal reasoning measure -- Test content -- Question type 1 : reading comprehension -- Question type 2 : text completion -- Question type 3 : sentence equivalence -- Mixed practice sets -- Overview of the GRE analytical writing measure. | |
| 520 | _aProvides former test questions with answers and explanations to help students master the Verbal Reasoning section of the GRE, and includes test-taking strategies and an overview of the GRE Analytical Writing section. | ||
| 650 | 0 |
_aGraduate Record Examination _vStudy guides. _995315 |
|
| 650 | 0 |
_aReading comprehension _xExaminations _vStudy guides. _996653 |
|
| 650 | 0 |
_aEducational tests and measurements _vStudy guides. _996654 |
|
| 650 | 0 |
_aUniversities and colleges _xExaminations _vStudy guides. _996655 |
|
| 710 | 2 |
_aEducational Testing Service. _910582 |
|
| 710 | 2 |
_aGraduate Record Examinations Board. _910581 |
|
| 906 |
_a7 _bcbc _ccopycat _d2 _encip _f20 _gy-gencatlg |
||
| 942 |
_2ddc _cLC |
||
| 999 |
_c590821 _d590821 |
||